000
00326nam a2200133Ia 4500
008
200103s9999||||xx |||||||||||||| ||und||
040
_a
IMU-MPC
082
_a
Column-30
100
_a
Eckert, E. R. G.
245
0
_a
Heat and mass Transfer
260
_b
McGraw-Hill Book Company, Inc.
_c
1959
300
_a
xiv, 530
942
_c
BK
999
_c
7375
_d
7375